00641nam a2200181 i 450000100060000000300090000600500170001500700030003200800410003510000290007624500840010525000270018926000560021630000290027285200210030199900170032295201200033984213ES-MaACL20230906174954.0t|041122s1904 fr ||||1| fre d1 aJeandroy, Alfred.96624114aLes origines de la poésie lyrique en France au Moyen Age / cAlfred Jeandroy. a2ª ed. avec aditions. aParis : b[s.n., c1904] (eToulouse : fE. Privat) aXXXII, 536 p. ; c25 cm. aES-MaACLjF-9374 c84213d84213 00104070aATENEOMbATENEOMcSPP2d2008-01-17eSCl0oF-9374p1088012r2023-02-23 00:00:00w2023-02-23yMONOGRAFIA